[Event "CRO-chT U20 30th"]
[Site "Rabac"]
[Date "2021.04.09"]
[Round "7.4"]
[White "Hergotic, Mihael"]
[Black "Martic, Filip"]
[Result "0-1"]
[WhiteElo "1476"]
[BlackElo "1756"]
[PlyCount "134"]
[EventDate "2021.04.06"]
[EventType "team-tourn"]
[EventRounds "11"]
[EventCountry "CRO"]
[SourceTitle "CBM 201 Extra"]
[Source "ChessBase"]
[SourceDate "2021.05.31"]
[SourceVersion "1"]
[SourceVersionDate "2021.05.31"]
[SourceQuality "1"]
[WhiteTeam "Strigova Stridon U20"]
[BlackTeam "Sesvete Agroproteinka U20"]
[WhiteTeamCountry "CRO"]
[BlackTeamCountry "CRO"]

1. e4 c5 2. Nc3 g6 3. f4 Bg7 4. Nf3 Nc6 5. Bc4 e6 6. 0-0 Nge7 7. d3 0-0 8. Qe1 d5 9. Bb3 Nd4 10. Nxd4 cxd4 11. Ne2 dxe4 12. dxe4 b6 13. Bd2 Ba6 14. Bb4 Qc7 15. e5 Rfd8 16. Bd6 Qb7 17. g4 Nc8 18. Bb4 Bxe2 19. Qxe2 a5 20. Be1 Ne7 21. Bh4 Rd7 22. Qf3 Nd5 23. Rfd1 Bf8 24. Bf2 Ne3 25. Qxb7 Rxb7 26. Bxe3 dxe3 27. Kf1 a4 28. Bc4 b5 29. Be2 Rc8 30. c3 a3 31. bxa3 Rxc3 32. Rd3 Rxd3 33. Bxd3 Bxa3 34. Rb1 Rd7 35. Ke2 Rd4 36. Kxe3 Bc5 37. Rxb5 Ba7 38. Rb8+ Kg7 39. Ra8 Ra4+ 40. Kf3 Rxa2 41. h3 Rf2+ 42. Kg3 Be3 43. Ra4 Rd2 44. Be4 Bf2+ 45. Kf3 Bh4 46. g5 h6 47. gxh6+ Kxh6 48. Kg4 Bf2 49. Rc4 Be1 50. Ra4 Rb2 51. Ra3 Rb4 52. Kf3 Bh4 53. Rd3 g5 54. fxg5+ Bxg5 55. Ra3 Kg7 56. Bc2 Rb5 57. Ke4 Bc1 58. Rd3 Bb2 59. Rg3+ Kh6 60. Rb3 Rxe5+ 61. Kf4 Bd4 62. Rd3 Rf5+ 63. Kg4 Be5 64. Re3 Rg5+ 65. Kh4 Bf6 66. Rf3 Rg6+ 67. Rxf6 Rxf6 0-1

[Event "CRO-chT U20 30th"]
[Site "Rabac"]
[Date "2021.04.09"]
[Round "8.4"]
[White "Martic, Filip"]
[Black "Markovic, Marko2222"]
[Result "1-0"]
[WhiteElo "1756"]
[BlackElo "1537"]
[PlyCount "97"]
[EventDate "2021.04.06"]
[EventType "team-tourn"]
[EventRounds "11"]
[EventCountry "CRO"]
[SourceTitle "CBM 201 Extra"]
[Source "ChessBase"]
[SourceDate "2021.05.31"]
[SourceVersion "1"]
[SourceVersionDate "2021.05.31"]
[SourceQuality "1"]
[WhiteTeam "Sesvete Agroproteinka U20"]
[BlackTeam "Strizivojna Amater U20"]
[WhiteTeamCountry "CRO"]
[BlackTeamCountry "CRO"]

1. d4 d5 2. Nf3 e6 3. c4 Nf6 4. Nc3 Be7 5. Bf4 0-0 6. e3 a6 7. cxd5 exd5 8. Bd3 Bg4 9. 0-0 Bd6 10. Bg5 c6 11. h3 Bh5 12. Rb1 Nbd7 13. b4 h6 14. Bxf6 Qxf6 15. Be2 Bc7 16. a4 Qd6 17. g3 Rfe8 18. Qd2 b5 19. Rfc1 Qg6 20. Nh4 Qg5 21. Bxh5 Qxh5 22. Qe2 Qg5 23. Nf3 Qg6 24. Kg2 Bb6 25. a5 Ba7 26. Qc2 Qd6 27. Ne2 Rac8 28. Nf4 Bb8 29. Qd2 g5 30. Nd3 Nf6 31. Nc5 Ne4 32. Nxe4 dxe4 33. Nh2 f5 34. Rg1 Qd5 35. Qe2 Kg7 36. Qh5 Bd6 37. Kh1 Re7 38. h4 Qe6 39. hxg5 Rh8 40. Rg2 hxg5 41. Qxg5+ Kf8 42. Kg1 Reh7 43. Qd8+ Kf7 44. Qb6 Qa2 45. Rc1 Qd2 46. Qxc6 Rxh2 47. Qd7+ Kg8 48. Rc8+ Bf8 49. Qe6+ 1-0

[Event "CRO-chT U20 30th"]
[Site "Rabac"]
[Date "2021.04.07"]
[Round "3.4"]
[White "Martic, Filip"]
[Black "Veverec, Ivo"]
[Result "1/2-1/2"]
[WhiteElo "1756"]
[BlackElo "1786"]
[PlyCount "80"]
[EventDate "2021.04.06"]
[EventType "team-tourn"]
[EventRounds "11"]
[EventCountry "CRO"]
[SourceTitle "CBM 201 Extra"]
[Source "ChessBase"]
[SourceDate "2021.05.31"]
[SourceVersion "1"]
[SourceVersionDate "2021.05.31"]
[SourceQuality "1"]
[WhiteTeam "Sesvete Agroproteinka U20"]
[BlackTeam "Oroslavje U20"]
[WhiteTeamCountry "CRO"]
[BlackTeamCountry "CRO"]

1. d4 d5 2. Nf3 Nf6 3. c4 e6 4. Nc3 c6 5. Qc2 h6 6. cxd5 exd5 7. Bf4 Bd6 8. Bg3 0-0 9. e3 Re8 10. Bd3 a5 11. 0-0 Na6 12. a3 Nc7 13. Rab1 Bxg3 14. hxg3 Qe7 15. Rfc1 Ne4 16. Na4 Nd6 17. Nb6 Ra7 18. b4 axb4 19. axb4 Ndb5 20. Nxc8 Rxc8 21. Qc5 Qxc5 22. bxc5 f6 23. Nh4 Ra3 24. Bxb5 Nxb5 25. Nf5 Rb8 26. Ra1 Rba8 27. Rxa3 Rxa3 28. Rb1 Ra7 29. g4 Kf7 30. Kh2 Ra2 31. Kg3 Ra7 32. Rb2 Ra8 33. Rb3 Ra7 34. f3 Ra4 35. Kf4 Ra7 36. Rb4 Ra2 37. Kg3 Ra3 38. Kf4 Ra2 39. Kg3 Ra3 40. Kf4 Ra2 1/2-1/2

[Event "CRO-chT U20 29th"]
[Site "Cakovec"]
[Date "2020.07.15"]
[Round "3.1"]
[White "Martic, Filip"]
[Black "Markovic, Marko2222"]
[Result "0-1"]
[WhiteElo "1668"]
[BlackElo "1643"]
[PlyCount "126"]
[EventDate "2020.07.14"]
[EventType "team-tourn"]
[EventRounds "11"]
[EventCountry "CRO"]
[SourceTitle "CBM 197 Extra"]
[Source "ChessBase"]
[SourceDate "2020.09.30"]
[SourceVersion "1"]
[SourceVersionDate "2020.09.30"]
[SourceQuality "1"]
[WhiteTeam "Sesvete Agroproteinka U20"]
[BlackTeam "Strizivojna Amater U20"]
[WhiteTeamCountry "CRO"]
[BlackTeamCountry "CRO"]

1. d4 d5 2. Nf3 e6 3. c4 Nf6 4. Nc3 Be7 5. Bf4 0-0 6. e3 b6 7. cxd5 Nxd5 8. Bg3 Bb7 9. Be2 Nd7 10. Rc1 Nxc3 11. bxc3 c5 12. 0-0 cxd4 13. cxd4 Ba3 14. Rc7 Bxf3 15. Bxf3 e5 16. Rxd7 Qxd7 17. Bxa8 Rxa8 18. Bxe5 Rc8 19. Qb3 Qe7 20. h3 Bb4 21. Rb1 a5 22. Qd5 Qe8 23. Qb7 Qc6 24. Qxc6 Rxc6 25. Rb2 f6 26. Bg3 Rc3 27. Kf1 Kf7 28. Ke2 Ke6 29. f3 Rc1 30. e4 Kd7 31. Bf4 Re1+ 32. Kd3 b5 33. Bd2 Bxd2 34. Kxd2 Rg1 35. Ke3 b4 36. Rc2 g5 37. Kd3 a4 38. Rb2 a3 39. Rc2 Rb1 40. Kc4 Rb2 41. Kd3 b3 42. Rc1 Rxa2 43. Kc3 b2 44. Rb1 Ra1 45. Kc2 a2 46. Rxb2 Rc1+ 47. Kxc1 a1Q+ 48. Kc2 Qa4+ 49. Kc3 Qa3+ 50. Rb3 Qc1+ 51. Kd3 Qf1+ 52. Ke3 Qxg2 53. Rb7+ Kd6 54. Rxh7 Qg1+ 55. Kd3 Qd1+ 56. Ke3 Qb3+ 57. Ke2 Qc4+ 58. Ke3 Qc3+ 59. Ke2 Qxd4 60. h4 Qb2+ 61. Kf1 Qc1+ 62. Kg2 Qd2+ 63. Kh3 Qf4 0-1

[Event "CRO-chT U16 29th"]
[Site "Sesvete"]
[Date "2020.06.20"]
[Round "1.3"]
[White "Martic, Filip"]
[Black "Cvetkovic, Erik"]
[Result "1-0"]
[WhiteElo "1656"]
[BlackElo "1408"]
[PlyCount "53"]
[EventDate "2020.06.20"]
[EventType "team-tourn"]
[EventRounds "9"]
[EventCountry "CRO"]
[SourceTitle "EXT 2021"]
[Source "ChessBase"]
[SourceDate "2020.10.23"]
[SourceVersion "1"]
[SourceVersionDate "2020.10.23"]
[SourceQuality "1"]
[WhiteTeam "Sesvete Agroproteinka"]
[BlackTeam "Sveta Nedelja"]
[WhiteTeamCountry "CRO"]
[BlackTeamCountry "CRO"]

1. d4 Nf6 2. Nf3 g6 3. Nc3 Bg7 4. e4 d6 5. Be3 0-0 6. Qd2 Re8 7. Be2 c6 8. Bh6 Bh8 9. h4 b5 10. a3 Nbd7 11. g4 Nxg4 12. h5 Ngf6 13. hxg6 fxg6 14. Ng5 Nb6 15. 0-0-0 a5 16. Rdg1 Nc4 17. Bxc4+ bxc4 18. Nxh7 Nxh7 19. Rxg6+ Kf7 20. Qf4+ Nf6 21. Rhg1 Bh3 22. e5 dxe5 23. dxe5 Qd7 24. exf6 exf6 25. Rg7+ Bxg7 26. Rxg7+ Ke6 27. Qe4+ 1-0

[Event "CRO-ch U13"]
[Site "Trogir"]
[Date "2019.06.22"]
[Round "9"]
[White "Martic, Filip"]
[Black "Begic, Domagoj"]
[Result "0-1"]
[WhiteElo "1343"]
[BlackElo "1617"]
[PlyCount "114"]
[EventDate "2019.06.17"]
[EventType "swiss"]
[EventRounds "9"]
[EventCountry "CRO"]
[SourceTitle "EXT 2020"]
[Source "ChessBase"]
[SourceDate "2019.10.17"]
[SourceVersion "1"]
[SourceVersionDate "2019.10.17"]
[SourceQuality "1"]

1. d4 d5 2. Nf3 g6 3. c4 e6 4. Nc3 Bg7 5. cxd5 exd5 6. Bf4 c6 7. e3 f5 8. Bd3 Nf6 9. Qa4 Nbd7 10. Ne5 Nxe5 11. Bxe5 0-0 12. 0-0 Ne4 13. Bxg7 Kxg7 14. f3 Nxc3 15. bxc3 b5 16. Qc2 Be6 17. a4 a6 18. axb5 axb5 19. e4 fxe4 20. fxe4 Rxf1+ 21. Rxf1 dxe4 22. Bxe4 Ra2 23. Qd1 Bc4 24. Bd3 Qe7 25. Bxc4 Qe3+ 26. Kh1 bxc4 27. Qg4 Rf2 28. Rg1 Rf7 29. Qh3 Qe2 30. Qc8 Rf1 31. Qd7+ Kh8 32. Qc8+ Kg7 33. Qd7+ Kh6 34. Qh3+ Kg5 35. Qg3+ Kf5 36. h3 Rxg1+ 37. Kxg1 Ke4 38. Kh2 Qe3 39. Qe5+ Kd3 40. Qf6 Qe4 41. Qe5 h6 42. Kg1 h5 43. Kf2 Qh4+ 44. Kf3 g5 45. Qe3+ Kc2 46. Ke2 Qf4 47. Qxf4 gxf4 48. Kf3 Kxc3 49. Kxf4 Kxd4 50. Kg5 c3 51. Kxh5 c2 52. g4 c1Q 53. h4 Qf4 54. g5 Qg3 55. g6 c5 56. g7 c4 57. Kh6 Qxh4+ 0-1